000 00570nam a22002057a 4500
003 OSt
005 20181114181138.0
008 181114b xxu||||| |||| 00| 0 eng d
020 _a8185790213
040 _cDNLM
082 _aQV744 M11a 2004
100 _aMahadik, K. R. ; Kuchekar, B. S.; Deshmukh, K.R.
_912754
245 _a Concise Organic Pharmaceutical Chemistry
250 _a7th ed.
260 _aPune; Prakashan, 2004
300 _a273p;ill: 23cm
504 _aGlossary, & index included
650 _aPharmaceutical chemistry
_9283
942 _2z
_cSLOAN
999 _c6182
_d6182